000 00443nam a22001457a 4500
008 151014b xxu||||| |||| 00| 0 eng d
020 _a0785437711
050 _aHB 171 .L49 2005
100 _aLewinski Marcel
_d2005
245 _aEconomics/
260 _aUnited States,
_bAGS Publishing
_c2005
300 _a507p.:ill; 29 cm
_bincludes index
650 _aEconomics -Study and teaching
942 _2lcc
_cBOOKS
_hHB 171 .L49 2005
999 _c8829
_d8829